| 000 | 04925nam a22003137a 4500 | ||
|---|---|---|---|
| 003 | OSt | ||
| 005 | 20260515120410.0 | ||
| 008 | 251023b |||||||| |||| 00| 0 eng d | ||
| 022 | _a1090-9516 | ||
| 040 |
_aEnglish _ctbs |
||
| 041 | _aEnglish | ||
| 100 |
_aBarron, Andrew _926279 _eauthor |
||
| 245 |
_aExploring the performance of government affairs subsidiaries _b: a study of organisation design and the social capital of European government affairs managers at Toyota Motor Europe and Hyundai Motor Company in Brussels _c/ Andrew Barron, Asier Pereda, Stephen Stacey |
||
| 260 |
_bJournal of World Business, _c2017 |
||
| 300 | _a184-196 pages. | ||
| 362 | _aJournal of World Business : JWB, 2017-02, Vol.52 (2), p.184-196 | ||
| 520 | _aThis paper aims to extend understandings of the corporate political activity (CPA) of multinational enterprises (MNEs). It explores how the social capital of government affairs managers (GAMs), and in turn the political performance of the government affairs (GA) subsidiaries in which they work, is affected by their MNE’s organisational design. Our empirical focus is the GA subsidiaries of Toyota Motor Corporation (TMC) and Hyundai Motor Company (HMC) in Brussels. Our comparative case-study research suggests that GAMs working in relatively decentralised and coordinated GA subsidiaries have higher levels of internal and external social capital, and consequently can be more influential compared to GAMs working for relatively centralised and loosely-coordinated GA subsidiaries. Our findings respond to calls for more research providing managers with practical guidance on how to organise their international GA functions more effectively. They also contribute to CPA scholarship by specifying and explicating individual- and organisational-level antecedents of CPA that remain understudied in the current literature. | ||
| 610 | 0 |
_aToyota Motor Corporation (Firm) _927026 |
|
| 610 | 0 |
_aHyundai Motor Company (Firm) _927027 |
|
| 630 | 0 |
_aMSc International Business _926977 |
|
| 650 | 0 |
_aCorporate political activity _927023 |
|
| 650 | 0 |
_aSocial capital _93812 |
|
| 650 | 0 |
_aOrganization design _927024 |
|
| 651 | 0 |
_aEuropean Union _927025 |
|
| 700 |
_aStacey, Stephen _926280 _eauthor |
||
| 700 |
_aPereda, Asier _926278 _eauthor |
||
| 856 | _uhttps://pdf.sciencedirectassets.com/272083/1-s2.0-S1090951617X00023/1-s2.0-S1090951616302231/main.pdf?X-Amz-Security-Token=IQoJb3JpZ2luX2VjEMX%2F%2F%2F%2F%2F%2F%2F%2F%2F%2FwEaCXVzLWVhc3QtMSJHMEUCIG5VbdJ0Es%2FkaidoEaP2c7drMOWWQKLc5%2BzDrAtLNp9uAiEA2MGsemUPIrV6JqWaX5FV3QyP0xM5opJpwrvHBMeKQ9kqvAUIjf%2F%2F%2F%2F%2F%2F%2F%2F%2F%2FARAFGgwwNTkwMDM1NDY4NjUiDL%2FkWy8Npg%2BduUXVZiqQBSjgy5pN8xYKQVPS3SvoWf4cKAT6PrZ7GnHHemYRDvKSLjU3S667ZXpTcFSXOdL3EelhFVgcol%2BwGwlDXT1Q%2FQGvx5rbAnUwVQJtv9Q2HsOnpUTznRvJbdH1i0rTTgmqrQTa4rliG5D0FERyBbKPY88WeLLTH3mBC5q6sGaA%2FJ9Z6Wg1CCH4t3NyYW5wvK6%2FE0GNcJksLfPcfuFf9BeF8lHhZE0fAJop0IulhTYxOo%2FXjuT79xSQh9oJ%2F9kdl89Wixlq4jM4ehVkDDmPC1L80J5%2FEvE%2BY%2FT8ieYzaaT8fgyzO%2BIO%2F3LOjwlQCMAefi9Nh1vU2dx7H0EIOG1bMKL8qzCY%2BwXqwkHkuQ0Cys41hwxVpiYEm7bpPFZ4gQAI77WxLPWGQMSuy0vjaS%2BbU2vPzp36ejvU4POjS77pYQDKrMB%2FvNATYN3b%2BD2LyjK1itt0c9xt%2F9YOB89yjJi%2Bs3nIzWQ0HIWBDTERG8KCkBHs%2BTN8Ad2gGHDvBXZ20cynnDE%2BUnt21%2FHwgHI%2FpYG%2Fj8htW%2B5Heq1KVb31f4GKLhnCY7ypR3nSX3Bw6Vi1iJkYKHgQ%2B7guRHCTJkuZ1i1%2FeIvKFN5kvpzWUGOFuSsw7TC0%2FZN7EZUZFra%2F03exDg9nX09w%2BK08iQIBj4K8kkA4cOS9djPJdP5h4OiAmauKy5hrpHKAJeXTSMg0CDtWVj0K2b1OdRQnxOop7F8ORj1cRt%2F6fRwwpgg9htTEeSbF1oWjZSk4lEgD27Ygyw86s4Kqs%2BotWYr%2FSYtPW2DCFaYpqUb027Ebf2i8NGNkeczk0lCzTKByEUryf88VKf1VXdhZU9VkeOzxDbTsvUABW37bFG5DxUUduOP%2BpQqFyfexVRV9BHR3MPCgp8wGOrEBFYhshrRUpxIavz4vNsh7N7xKL%2FGEC3RHoskSSH3Ce2gJ7RFKwIcGzzTlPymNJXaY%2FBlQdQnlmN6RiSPB3FgCdInXfm7uVXHelvW9rP30x5u5HU%2Bg080WrNkny3eE%2BWRlZsaHKEhGgNzDKEU8Yt0ryMPjkKe6ezglJ8C5%2F2wKl2hCxuavsnsyZc6q%2BDe16w7rAoSrP7c78vYw7qlthYYrU7i5jrtteVbavq%2BfDX8m41EP&X-Amz-Algorithm=AWS4-HMAC-SHA256&X-Amz-Date=20260209T131235Z&X-Amz-SignedHeaders=host&X-Amz-Expires=300&X-Amz-Credential=ASIAQ3PHCVTY5MWT77ZD%2F20260209%2Fus-east-1%2Fs3%2Faws4_request&X-Amz-Signature=497433e4ee34f104a14f0278ef98da9d1ce7571a27a07a4ecf649d9a9e043556&hash=c38937ba6214af8319bca15e557f9f21a734a77895c428f48e71b1106471d96c&host=68042c943591013ac2b2430a89b270f6af2c76d8dfd086a07176afe7c76c2c61&pii=S1090951616302231&tid=spdf-7fe1b84c-8b4b-421e-b61f-001ba690f997&sid=a475499449fb7847374abaa1bcab5d500186gxrqb&type=client&tsoh=d3d3LXNjaWVuY2VkaXJlY3QtY29tLmh1Yi50YnMtZWR1Y2F0aW9uLmZy&rh=d3d3LXNjaWVuY2VkaXJlY3QtY29tLmh1Yi50YnMtZWR1Y2F0aW9uLmZy&ua=1c1d5c02005c5b0b5950&rr=9cb39e853d71153a&cc=fr&kca=eyJrZXkiOiJ5L3RnK2dwVFBMWkFOZnZVWXRhNHB0L2FPcVBtRjMwQmJQcG9WRld3SUdBUUQ2VW5BdXMxL2NqUzQwbmRWKzVLVWo3UXAwRDYvZmw2VURCOHJGY2JIaWxBVlRBSUpoSnVjS2dpR2JZc1FRL05MNVU4QmZxNU9SOCtKMVJ0TVBKQVZBaTZ3ditRVGc0WFZFdEFLcExqcWdWbEs5eVV2UTQwL01RS0Y5K2lReUU5TEUxRWF1az0iLCJpdiI6IjFmNjNiMTQ5OWYzYjVhOTRlNTg3NGZlN2E1ODZlN2ViIn0=_1770642780141 | ||
| 942 | _2lcc | ||
| 999 |
_c5092 _d5092 |
||